Síndromes & síndromes (Registo nº 202857)

Detalhes MARC
000 -Etiqueta do registo
Valores 00678nam 22002053 4500
010 ## - Número ISBN
ISBN 85-7316-133-7
100 ## - Dados gerais de processamento
Dados gerais 20260703d u||y0pory50 ba
200 ## - Titulo e menção de responsabilidade
Título próprio Síndromes & síndromes
Primeira menção de responsabilidade Cunha de Leiradella
Informação de outro título (e conclusões inevitáveis)
210 ## - Publicação
Local de publicação Rio de Janeiro
Nome do editor Relume Dumará
Data de publicação 1997
215 ## - Descrição física 
Paginação / Volumes 81 p.
Outras indicações físicas brochado
Dimensões 21 cm
300 ## - Notas gerais 
Texto da nota Contém dedicatória na folha de guarda<br/>Prémio Cultural de Literatura 1996
606 ## - Nome comum usado como assunto
ID Autoridade 6
Palavra de ordem Literatura Portuguesa
610 ## - Termos não controlados
Palavra de ordem Contos
675 ## - CDU
Notação 821.134.3-3"19"
Edição PT
Língua por
700 ## - Autor principal (pessoa individual)
ID Autoridade 17704
Apelido Leiradella
Nome Cunha de
Datas 1934-
801 ## - Fonte de origem
País PT
Agência BMMN
Regras de catalogação RPC
830 ## - Notas gerais do catalogador
Criado por Ana Falardo
Indexado por Ana Falardo
990 ## - Elementos KOHA
Tipo de documento Livro
Exemplares
Situação do levantamento Biblioteca de origem Código de barras Cota Permissão de empréstimo Tipo de documento Nota relativa ao exemplar Forma de aquisição
  Biblioteca Municipal de Montemor-o-Novo 32379 821.134.3-3 LEI|SAF   Livro Acesso Condicionado Oferta

Powered by Koha